ბათუმის შოთა რუსთაველის სახელმწიფო უნივერსიტეტის ბიბლიოთეკა

ხარაგაული : (გზამკვლევი) = Kharagauli : (Guidebook) / (ბიბ.ჩანაწერი № 60192)

000 -ლიდერი
ფიქსირებული სიგრძის საკონტროლო ველი 01558nam a22002537a 4500
003 - საკონტროლო ნომრის იდენტიფიკატორი
საკონტროლო ველი Ge_BSU
005 - ბოლო ოპერაციის თარიღი და დრო
საკონტროლო ველი 20230616120834.0
008 - ფიქსირებული სიგრძის მონაცემთა ელემენტები - ზოგადი ინფორმაცია
ფიქსირებული სიგრძის საკონტროლო ველი 230616s2006 ge ||||| |||| 00| 0 geo d
020 ## - წიგნის საერთაშორისო სტანდარტული ნომერი
International Standard Book Number 9994091778
041 ## - ენის კოდი
Language code of text/sound track or separate title geo
080 ## - უნივერსალური ათობითი კლასიფიკაციის ინდექსი
Universal Decimal Classification number 908(479.222.1)(036) ვ-43
100 ## - მთავარი ჩანაწერი - პიროვნების სახელი
Personal name ვეფხვაძე, იზა
9 (RLIN) 18762
245 ## - ცნობა სათაურის შესახებ
Title ხარაგაული : (გზამკვლევი) = Kharagauli : (Guidebook) /
Statement of responsibility, etc იზა ვეფხვაძე ; რედაქტორი ელგუჯა თავბერიძე ; მხატვარი ჟუჟუნა კალანდაძე ; დიზაინერ-დამკაბადონებელი ლელა ლელაძე.
264 ## - წარმოების, გამოცემის, დისტრიბუციის და სხვა ცნობები
გამოცემის, წარმოების, დისტრიბუციის... ადგილი ქუთაისი :
გამოცემის, წარმოების, დისტრიბუციის... სახელწოდება საგამომცემლო ცენტრი,
გამოცემის, წარმოების, დისტრიბუციის... თარიღი 2006.
300 ## - ფიზიკური აღწერა
Extent 176 გვ. :
Other physical details ფოტოილ. ;
Dimensions 22 სმ
500 ## - ზოგადი შენიშვნა
General note გარეკანი, თავფურცელი და ტექსტი ქართ. და ინგლ. ენებზე.
653 ## - INDEX TERM--UNCONTROLLED
Uncontrolled term ხარაგეულის რაიონი
653 ## - INDEX TERM--UNCONTROLLED
Uncontrolled term გზამკვლევები.
653 ## - INDEX TERM--UNCONTROLLED
Uncontrolled term საქართველოს სოფლების ისტორია
700 ## - ADDED ENTRY--PERSONAL NAME
Personal name თავბერიძე, ელგუჯა
Relator term რედაქტორი
9 (RLIN) 18763
700 ## - ADDED ENTRY--PERSONAL NAME
Personal name კალანდაძე, ჟუჟუნა
Relator term მხატვარი
9 (RLIN) 18764
700 ## - ADDED ENTRY--PERSONAL NAME
Personal name ლელაძე, ლელა
Relator term დიზაინერი
9 (RLIN) 18765
942 ## - ADDED ENTRY ELEMENTS (KOHA)
Source of classification or shelving scheme
Koha item type წიგნი
ეგზემპლარები
ჩამოწერის სტატუსი დაკარგული ეგზემპლარის სტატუსი კლასიფიკაციის წყარო ან თაროზე გაწყობის სქემა დაზიანების სტატუსი არ გაიცემა მუდმივი მდებარეობა (დაცვის ადგილი) ამჟამინდელი ადგილსამყოფელი თაროზე განთავსების ადგილი შეძენის თარიღი ღირებულება, შესყიდვის ნორმალური ფასი სრული შენახვის შიფრი შტრიხკოდი ბოლო ოპერაციის თარიღი ეგზემპლარის მიმდევრობითი ნომერი (კეტერი?) Uniform Resource Identifier ფასის ძალაში შესვლის თარიღი ეგზემპლარის სახეობა საჯარო შენიშვნა
          ბათუმის შოთა რუსთაველის სახელმწიფო უნივერსიტეტის მთავარი ბიბლიოთეკა ბათუმის შოთა რუსთაველის სახელმწიფო უნივერსიტეტის მთავარი ბიბლიოთეკა წიგნსაცავი 2023-06-16 5.00 908(479.222.1)(036) ვ-43 64671 2023-06-16 64671 ბსუ-ს საპატიო დოქტორის გურამ ლორთქიფანიძის საჩუქარი 2023-06-16 წიგნი 5 ლ.